000 00375nam a2200157Ia 4500
008 210716s2011 xx 000 0 und d
020 _a9780749462710
041 _aeng
082 _a658.802 WESJ
100 _aWesrwood, John.
245 _aMarketing your business.
250 _a1
260 _aNew Delhi
_bKogan Page
_c2011
300 _aviii,256
650 _aMarketing
999 _c207746
_d207746